[Event "Villa Martelli Pro Am op 15th"]
[Site "Villa Martelli"]
[Date "2008.10.15"]
[Round "6"]
[White "Anelli, Antonio"]
[Black "Benko, Francisco"]
[Result "1/2-1/2"]
[WhiteElo "2219"]
[BlackElo "2044"]
[PlyCount "51"]
[EventDate "2008.10.10"]
[EventType "swiss"]
[EventRounds "9"]
[EventCountry "ARG"]
[SourceTitle "CBM 126 Extra"]
[Source "ChessBase"]
[SourceDate "2008.11.05"]
[SourceVersion "1"]
[SourceVersionDate "2008.11.05"]
[SourceQuality "1"]

1. d4 Nf6 2. c4 e5 3. dxe5 Ng4 4. Nf3 Nc6 5. e3 Ngxe5 6. Be2 Bb4+ 7. Bd2 Bxd2+ 8. Qxd2 d6 9. Nc3 Be6 10. b3 Qf6 11. Rc1 Rc8 12. 0-0 0-0 13. Ne1 Qg6 14. f4 Nd7 15. Nf3 f5 16. Ng5 Nc5 17. Bf3 Bd7 18. Bd5+ Kh8 19. Rf3 h6 20. Rg3 Qf6 21. Qe2 Ne7 22. b4 c6 23. Nf7+ Kh7 24. Ng5+ Kh8 25. Nf7+ Kh7 26. Ng5+ 1/2-1/2

[Event "Villa Martelli Pro Am op 11th"]
[Site "Villa Martelli"]
[Date "2004.11.14"]
[Round "9"]
[White "Tropea, Tobias"]
[Black "Benko, Francisco"]
[Result "1/2-1/2"]
[WhiteElo "1654"]
[BlackElo "2096"]
[PlyCount "32"]
[EventDate "2004.11.04"]
[EventType "swiss"]
[EventRounds "9"]
[EventCountry "ARG"]
[SourceTitle "CBM 103 Extra"]
[Source "ChessBase"]
[SourceDate "2005.01.01"]
[SourceVersion "1"]
[SourceVersionDate "2005.01.01"]
[SourceQuality "1"]

1. d4 Nf6 2. c4 e5 3. dxe5 Ng4 4. Nf3 Nc6 5. Bf4 Bb4+ 6. Nc3 Qe7 7. Qb3 a5 8. a3 a4 9. Qc2 Bxc3+ 10. Qxc3 0-0 11. h3 Nh6 12. Bxh6 gxh6 13. e3 Re8 14. Bd3 Nxe5 15. Nxe5 Qxe5 16. Rc1 d6 1/2-1/2

[Event "American Continental 02nd"]
[Site "Buenos Aires"]
[Date "2003.08.25"]
[Round "7"]
[White "Benko, Francisco"]
[Black "Lemos, Damian"]
[Result "0-1"]
[WhiteElo "2142"]
[BlackElo "2206"]
[PlyCount "104"]
[EventDate "2003.08.17"]
[EventType "swiss"]
[EventRounds "11"]
[EventCountry "ARG"]
[SourceTitle "CBM 097"]
[Source "ChessBase"]
[SourceDate "2003.11.11"]
[SourceVersion "1"]
[SourceVersionDate "2003.11.11"]
[SourceQuality "1"]

1. e4 e6 2. d4 d5 3. Nc3 Bb4 4. exd5 exd5 5. Bd3 Ne7 6. Nge2 c6 7. 0-0 0-0 8. Ng3 Bd6 9. Re1 f5 10. f4 Nd7 11. Nf1 Nf6 12. Be3 Ne4 13. Ne2 Be6 14. Nd2 Qb6 15. Rb1 Rae8 16. Nf3 Ng6 17. Qc1 Qc7 18. Rf1 b5 19. Ne5 Nxe5 20. dxe5 Be7 21. Nd4 Bc8 22. b4 a6 23. c3 Bd7 24. Nb3 Be6 25. Nd4 Qd7 26. Nxe6 Qxe6 27. Qb2 g6 28. a4 Ra8 29. Ra1 Rfc8 30. Bxe4 dxe4 31. Rfc1 Rd8 32. Qa2 Kf7 33. Qf2 Qc4 34. Qa2 Rd3 35. Qxc4+ bxc4 36. Kf2 Rad8 37. Ke2 g5 38. g3 gxf4 39. Bxf4 R8d5 40. Rc2 Bd8 41. Rb1 Ke6 42. Be3 Bc7 43. Bd4 Bxe5 44. Bxe5 Kxe5 45. Rf1 Rd6 46. Rf4 Rh6 47. Ke1 Re3+ 48. Kd2 Rxh2+ 49. Kxe3 Rxc2 50. Rh4 Rxc3+ 51. Kf2 Rb3 52. Rxh7 Rxb4 0-1

[Event "American Continental 02nd"]
[Site "Buenos Aires"]
[Date "2003.08.21"]
[Round "4"]
[White "Benko, Francisco"]
[Black "Urchipia, Carlos Daniel"]
[Result "1/2-1/2"]
[WhiteElo "2142"]
[BlackElo "2173"]
[PlyCount "31"]
[EventDate "2003.08.17"]
[EventType "swiss"]
[EventRounds "11"]
[EventCountry "ARG"]
[SourceTitle "CBM 097"]
[Source "ChessBase"]
[SourceDate "2003.11.11"]
[SourceVersion "1"]
[SourceVersionDate "2003.11.11"]
[SourceQuality "1"]

1. e4 c6 2. d4 d5 3. exd5 cxd5 4. c4 Nf6 5. Nc3 g6 6. Qb3 Bg7 7. cxd5 0-0 8. Be2 Qb6 9. Bf3 Na6 10. Nge2 Rd8 11. Bf4 Qxb3 12. axb3 Nb4 13. 0-0 Nfxd5 14. Nxd5 Nxd5 15. Bg3 Be6 16. Rfd1 1/2-1/2

[Event "Najdorf Memorial op"]
[Site "Buenos Aires"]
[Date "2002.09.26"]
[Round "4.31"]
[White "Benko, Francisco"]
[Black "Alvarez Castillo, Hector Adrian"]
[Result "1-0"]
[WhiteElo "2116"]
[BlackElo "2211"]
[PlyCount "99"]
[EventDate "2002.09.23"]
[EventType "swiss"]
[EventRounds "8"]
[EventCountry "ARG"]
[SourceTitle "CBM 090 Extra"]
[Source "ChessBase"]
[SourceDate "2002.11.07"]
[SourceVersion "1"]
[SourceVersionDate "2002.11.07"]
[SourceQuality "1"]

1. e4 d6 2. d4 g6 3. f4 Bg7 4. Nf3 c6 5. Nc3 Nf6 6. Be2 0-0 7. 0-0 b5 8. a3 Nbd7 9. e5 Ne8 10. Ne4 Nb6 11. Nf2 Nc7 12. Bd3 f5 13. Qe2 h6 14. Bd2 Kh7 15. b3 d5 16. Nh3 Ne6 17. Qf2 a6 18. c3 Qc7 19. Be3 Rf7 20. Qh4 Kg8 21. Qf2 Nf8 22. Kh1 Be6 23. Rg1 Rc8 24. Qc2 Nbd7 25. b4 Nb6 26. Rae1 Qd7 27. Nf2 Nc4 28. Bc1 Ra8 29. h3 a5 30. g4 axb4 31. axb4 Qa7 32. gxf5 Bxf5 33. Bxf5 gxf5 34. e6 Rf6 35. Nd1 Qa2 36. Nb2 Nxe6 37. Rxe6 Rxe6 38. Qg2 Kf7 39. Qxg7+ Ke8 40. Ne5 Nxe5 41. fxe5 c5 42. bxc5 Raa6 43. Nd3 Qe2 44. Nf4 Qe4+ 45. Qg2 Rec6 46. Nxd5 Qxg2+ 47. Rxg2 Ra1 48. Rg1 Kf7 49. Nf4 e6 50. Nd3 1-0

[Event "Metropolitano Superior op"]
[Site "Buenos Aires"]
[Date "2002.07.01"]
[Round "4.11"]
[White "Baker, Enrique"]
[Black "Benko, Francisco"]
[Result "1/2-1/2"]
[WhiteElo "2169"]
[BlackElo "2114"]
[PlyCount "99"]
[EventDate "2002.06.24"]
[EventType "swiss"]
[EventRounds "7"]
[EventCountry "ARG"]
[SourceTitle "CBM 089 Extra"]
[Source "ChessBase"]
[SourceDate "2002.09.10"]
[SourceVersion "2"]
[SourceVersionDate "2002.09.10"]
[SourceQuality "1"]

1. Nf3 d5 2. g3 Nf6 3. Bg2 g6 4. 0-0 Bg7 5. d4 0-0 6. c4 c6 7. cxd5 cxd5 8. Ne5 Nc6 9. Nc3 Be6 10. f4 Qb6 11. e3 Rfd8 12. Na4 Qc7 13. Bd2 Rac8 14. Rc1 Qb8 15. Nc5 Bf5 16. Qa4 Nxe5 17. fxe5 Ne4 18. Nxe4 dxe4 19. Qa5 b6 20. Qb4 Qb7 21. Rxc8 Rxc8 22. Bc3 Be6 23. a4 a5 24. Qa3 Bd5 25. h4 e6 26. Qa1 h5 27. Qb1 Bh6 28. Re1 Qc6 29. Kh2 Rf8 30. Kg1 f5 31. exf6 Rxf6 32. Bd2 Rf8 33. Rf1 Qd6 34. Kh2 Rxf1 35. Qxf1 Qf8 36. Qxf8+ Bxf8 37. Bf1 Kf7 38. g4 hxg4 39. Kg3 Kg7 40. Bb5 Bd6+ 41. Kxg4 Kh6 42. Bd7 Bb3 43. Be1 Bd1+ 44. Kh3 Bb3 45. Bg3 Bxg3 46. Kxg3 g5 47. Bc6 Bc2 48. Bd7 Bb3 49. Bc6 Bc2 50. Bd7 1/2-1/2

[Event "Villa Ballester op 52nd"]
[Site "Villa Ballester"]
[Date "2002.01.12"]
[Round "8"]
[White "Granara Barreto, Sebastian A"]
[Black "Benko, Francisco"]
[Result "1-0"]
[WhiteElo "2208"]
[BlackElo "2113"]
[PlyCount "81"]
[EventDate "2002.01.02"]
[EventType "swiss"]
[EventRounds "9"]
[EventCountry "ARG"]
[SourceTitle "CBM 086 Extra"]
[Source "ChessBase"]
[SourceDate "2002.03.14"]
[SourceVersion "1"]
[SourceVersionDate "2002.03.14"]
[SourceQuality "1"]

1. e4 e5 2. Nf3 d6 3. d4 Nd7 4. Bc4 c6 5. a4 h6 6. dxe5 dxe5 7. 0-0 Be7 8. h3 Ngf6 9. Nc3 0-0 10. Qe2 Qc7 11. Nh4 Nb6 12. Bb3 Be6 13. Bxe6 fxe6 14. a5 Nc8 15. Qc4 Qd7 16. Ng6 Nd6 17. Qb3 Rfe8 18. Nxe5 Qc8 19. Ng6 Nf7 20. Nxe7+ Rxe7 21. Be3 Qe8 22. f4 Kh8 23. Rad1 Nd8 24. Bc5 Rd7 25. Rxd7 Nxd7 26. Be3 e5 27. f5 Nf6 28. Rd1 Qe7 29. Qc4 Qc7 30. Qc5 Nf7 31. b4 b6 32. axb6 axb6 33. Qxb6 Qxb6 34. Bxb6 Ra3 35. Rd3 Ng5 36. Bc7 Ngxe4 37. Nxe4 Ra1+ 38. Kh2 Nxe4 39. Bxe5 Re1 40. Rd8+ Kh7 41. Rd7 1-0

[Event "ARG-ch Superior"]
[Site "Buenos Aires"]
[Date "2002.??.??"]
[Round "9"]
[White "Nogues, Alejandro"]
[Black "Benko, Francisco"]
[Result "1/2-1/2"]
[WhiteElo "2214"]
[BlackElo "2116"]
[PlyCount "101"]
[EventDate "2002.09.15"]
[EventType "swiss"]
[EventRounds "9"]
[EventCountry "ARG"]
[SourceTitle "CBM 090 Extra"]
[Source "ChessBase"]
[SourceDate "2002.11.07"]
[SourceVersion "1"]
[SourceVersionDate "2002.11.07"]
[SourceQuality "1"]

1. e4 e5 2. Nf3 Nc6 3. Bb5 a6 4. Ba4 Nf6 5. 0-0 Nxe4 6. d4 b5 7. Bb3 d5 8. dxe5 Be6 9. Qe2 Be7 10. c3 Qd7 11. Nbd2 Nxd2 12. Bxd2 Bg4 13. Rfe1 0-0 14. h3 Bh5 15. g4 Bg6 16. Bf4 Nd8 17. Rad1 c6 18. Bg3 Ne6 19. c4 bxc4 20. Bxc4 Qa7 21. Bd3 Rfd8 22. Bf5 Rab8 23. Nh4 Qb6 24. b3 Qb5 25. Nxg6 hxg6 26. Bd3 Qa5 27. Bb1 Qb4 28. Rc1 Bg5 29. Rcd1 a5 30. Qc2 c5 31. Qe2 Bf4 32. Qf3 Bd2 33. Rf1 Qc3 34. Kg2 Qxf3+ 35. Kxf3 Bg5 36. h4 Be7 37. Kg2 c4 38. Bc2 a4 39. bxc4 dxc4 40. Bxa4 Rb4 41. Rxd8+ Nxd8 42. Bc2 Rb2 43. Be4 Rxa2 44. Rc1 Ra4 45. f3 Ne6 46. Bd5 Bxh4 47. Bxc4 Bxg3 48. Bxe6 fxe6 49. Rc8+ Kf7 50. Rc7+ Kf8 51. Kxg3 1/2-1/2